000 02190cam a2200385 i 4500
001 23309704
003 OSt
005 20251114103557.0
008 230907s2024 caua b 001 0 eng
010 _a 2023040466
020 _a9781071857182
_q(paperback)
020 _z9781071857212
_q(adobe pdf)
020 _z9781071857199
_q(epub)
020 _z9781071857205
_q(epub)
035 _a23309704
040 _aDLC
_beng
_erda
_cAMIU
_dDLC
042 _apcc
050 0 0 _aBF698
_b.S516 2024
082 0 0 _a155.2
_223/eng/20230907
100 1 _aShiraev, Eric,
_d1960-
_eauthor.
245 1 0 _aPersonality :
_btheories and applications /
_cEric Shiraev, George Mason Univerity.
250 _aSecond edition.
264 1 _aLos Angeles :
_bSAGE,
_c[2024]
300 _axxix, 494 pages :
_bcolor illustrations ;
_c23 cm
336 _atext
_btxt
_2rdacontent
337 _aunmediated
_bn
_2rdamedia
338 _avolume
_bnc
_2rdacarrier
504 _aIncludes bibliographical references and index.
520 _a"The new Second Edition of Personality: Theories and Applications is organized around three general questions about personality psychology: What are the basic facts and ideas? How do we study them? How do we apply them now? These three organizing questions provide a consistent focus throughout the book, as Shiraev explores the foundations of personality psychology, its core theories, and its domains of application. Coverage of classical and contemporary systems of thought is both chronological and comprehensive and situates personality psychology within an interdisciplinary and global context, highlighting this diverse, cross-cultural, and cross-national field. A new chapter on the digital domain of personality showcases the author's expertise in reputation management and presents students with a highly relevant and engaging application of personality psychology today"--
_cProvided by publisher.
583 _aCatalography:
_c20251114
_kSTAMIU-0199STAMIU-0199
650 0 _aPersonality.
906 _a7
_bcbc
_corignew
_d1
_eecip
_f20
_gy-gencatlg
942 _2lcc
_cBK
_n0
999 _c22117
_d22117